00683nam a22001577a 4500003000900000005001700009008004100026040001300067100003700080245006100117250001100178260007800189300001800267490007000285520017000355IT-RoPau20220918181105.0130506b xxu||||| |||| 00| 0 eng d cIT-RoPau aCentro di spiritualità paolina a"Camminiamo anche noi in novità di vita" b(Rom. VI,4) a1° ed aAriccia (Roma)bCentro di spiritualità paolina Casa Divin Maestroc1976 a36 pp.c28 cm a"Camminiamo anche noi in novità di vita" .vn° 21 - Marzo 1976 aSommario I. Leggiamo san Paolo, n° 9 II. Testimonianze sullo "spirito paolino". Ricordi e riflessioni di don Paolino M. Gilli. III. Dialogo nella Famiglia Paolina